Liquidación detallada de los presupuestos de gastos ordinarios y extraordinarios de 1972
Guardat en:
| Autor corporatiu: | |
|---|---|
| Format: | Text |
| Publicat: |
San José:
La Contraloría
|
| Etiquetes: |
Afegir etiqueta
Sense etiquetes, Sigues el primer a etiquetar aquest registre!
|
MARC
| LEADER | 00000 a a2200000 04500 | ||
|---|---|---|---|
| 001 | 17975 | ||
| 003 | |||
| 040 | |||
| 090 | |a EXTRAVIADO | ||
| 110 | |a Costa Rica. Contraloría General de la República | ||
| 245 | |a Liquidación detallada de los presupuestos de gastos ordinarios y extraordinarios de 1972 | ||
| 260 | |a San José: |b La Contraloría | ||
| 300 | |a 228 p. | ||
| 999 | |c 15948 |d 15948 | ||
